Child labor in transition in Vietnam (Record no. 287980)

000 -LEADER
fixed length control field 00584cam a22001697a 4500
008 - FIXED-LENGTH DATA ELEMENTS--GENERAL INFORMATION
fixed length control field 180718b2002 xxu||||| |||| 00| 0 eng d
100 ## - MAIN ENTRY--PERSONAL NAME
Personal name Edmonds, Eric
245 ## - TITLE STATEMENT
Title Child labor in transition in Vietnam
Statement of responsibility, etc. by Eric Edmonds and Carrie Turk
260 ## - PUBLICATION, DISTRIBUTION, ETC.
Place of publication, distribution, etc. Washington, D.C.
Name of publisher, distributor, etc. World Bank
Date of publication, distribution, etc. 2002
300 ## - PHYSICAL DESCRIPTION
Extent 55p.
440 ## - SERIES STATEMENT/ADDED ENTRY--TITLE
Title Policy research working paper, no. 2774
650 ## - SUBJECT ADDED ENTRY--TOPICAL TERM
Topical term or geographic name entry element Quality of life --Vietnam
650 ## - SUBJECT ADDED ENTRY--TOPICAL TERM
Topical term or geographic name entry element Age and employment --Vietnam
650 ## - SUBJECT ADDED ENTRY--TOPICAL TERM
Topical term or geographic name entry element Family-owned business enterprises --Social aspects --Vietnam
650 ## - SUBJECT ADDED ENTRY--TOPICAL TERM
Topical term or geographic name entry element Child labor --Vietnam
700 ## - ADDED ENTRY--PERSONAL NAME
Personal name Turk, Carrie
Holdings
Withdrawn status Lost status Damaged status Not for loan Permanent Location Current Location Date acquired Barcode Date last seen Price effective from Koha item type
        Indian Institute of Public Administration Indian Institute of Public Administration 2002-09-17 WB9348 2018-07-20 2018-07-20 WB

Powered by Koha